000 00865nam a2200217 a 4500
001 BRCA_511
005 20190320203036.0
008 230508s2001----sp-a---###---#000-0#spa-#
020 _a8495832011
050 4 _aNK4340.T3
_b.C47 2001
245 1 0 _aCerámica de Talavera de la Reina y Puente del Arzobispo en la colección Bertrán y Musitu.
260 _a[Barcelona]
_bJuan Antonio Bertrán
_c2001
300 _a157 p.
_bil. a color
_c28 cm.
500 _aCatálogo de la exposición realizada en el Museo de Cerámica de Barcelona, 2001
504 _aBibliografía: p. 153-154
600 1 4 _aBertrán y Musitu, José
_xColecciones de arte
_91755
650 1 4 _aTalavera
_xColecciones privadas
_ySiglo XVII y XVIII
_zEspaña
_91756
650 1 4 _aCerámica
_xTalavera de la Reina
_zToledo
_91757
650 1 4 _aCerámica
_xPuente del Arzobispo
_zToledo
_91758
942 _2lcc
_cB
999 _c444
_d444